Effectif Italie - Euro 2021 - Statistiques

Statistiques générales
  • Ce quiz a été pris 229 fois
    52 depuis la dernière actualisation
  • Le résultat moyen est 18 sur 27
Statistiques - réponses
POSTE CLUB NUMERO JOUEUR % Correct
G AC Milan 21 Gianluigi Donnarumma
98%
MIL PSG 6 Marco Verratti
93%
DEF Juventus 19 Leonardo Bonucci
91%
DEF Juventus 3 Giorgio Chiellini
86%
MIL Chelsea 8 Jorginho
86%
G SSC Napoli 26 Alex Meret
84%
ATT Juventus 14 Frederico Chiesa
84%
DEF PSG 24 Alessandro Florenzi
81%
ATT Lazio Rome 17 Ciro Immobile
81%
DEF SSC Napoli 2 Giovanni Di Lorenzo
81%
ATT SSC Napoli 10 Lorezo Insigne
79%
DEF Inter Milan 23 Alessandro Bastoni
77%
ATT Sassuolo 11 Dominico Berardi
77%
MIL Inter Milan 18 Nicolò Barella
77%
DEF AS Rome 4 Leonardo Spinazzola
70%
MIL Sassuolo 5 Manuel Locatelli
70%
ATT Torino 9 Andrea Belotti
58%
DEF Chelsea 13 Emerson Palmieri
56%
G Torino 1 Salvatore Sirigu
56%
COACH - - Roberto Mancini
53%
MIL AS Rome 16 Bryan Cristante
51%
DEF Lazio Rome 15 Francesco Acerbi
49%
ATT Juventus 20 Frederico Bernardeschi
44%
DEF Atalanta 25 Rafael Toloi
42%
MIL Atalanta 12 Matteo Pessina
28%
ATT Sassuolo 21 Giacomo Raspadori
26%
MIL Fiorentina 7 Gaetano Castrovilli
14%
Aucun quiz correspondant
Distribution des résultats
% des personnes avec chaque résultat
Percentile par nombre de réponses
Votre historique - résultats
Vous n’avez pas pris ce quiz depuis la dernière actualisation